000
00218 a2200097 4500
001
26431
100
_a
Flatto Dr Edwin
245
_a
Wasning sen may the hazandious
260
_a
_b
Arco pub Co
_c
090
_c
17767
_d
17767
942
_a
NUST-CAE
_c
M
_c
8632
999
_c
261504
_d
261504